[Event "26. Herner Stadtmeisterschaft 2025"]
[Site "?"]
[Date "2025.01.27"]
[Round "1.28"]
[White "Zygan, Michael"]
[Black "Scheithauer, Ralf"]
[Result "1/2-1/2"]
[WhiteElo "1913"]
[BlackElo "1309"]
[PlyCount "144"]
[GameId "2139154399167140"]
[EventDate "2025.??.??"]
[WhiteTeam "SK Sodingen/Castrop 24/23 e.V."]
[BlackTeam "Bochumer SV 02"]

1. d4 Nf6 2. c4 e6 3. Nc3 Be7 4. e4 d6 5. Nf3 h6 6. Bd3 Nbd7 7. O-O e5 8. h3 O-O 9. Be3 Re8 10. d5 Nf8 11. b4 b6 12. Rc1 Ba6 13. Nd2 Rb8 14. Nb3 Ng6 15. Ne2 Nh7 16. c5 Bxd3 17. Qxd3 Bg5 18. cxb6 cxb6 19. Rc2 Rc8 20. Rfc1 Qd7 21. Nd2 Kf8 22. Nf3 Bxe3 23. Qxe3 Rxc2 24. Rxc2 Rc8 25. Qc1 Rxc2 26. Qxc2 Ne7 27. Ng3 g6 28. a4 Nf6 29. b5 Ne8 30. Ne1 Qc8 31. Qxc8 Nxc8 32. Nd3 Ke7 33. Nb4 Kd7 34. Nc6 Nf6 35. Kf1 Nh7 36. Ke2 Nf6 37. Ke3 Ke8 38. f4 Nd7 39. fxe5 Nxe5 40. Ne2 f6 41. Nf4 Kf7 42. Nd3 Nc4+ 43. Kd4 Ne5 44. Nf2 h5 45. g4 hxg4 46. Nxg4 Nf3+ 47. Ke3 Ne5 48. Ngxe5+ fxe5 49. Kf3 Kf6 50. Kg4 Kf7 51. Kg5 Kg7 52. h4 Kf7 53. h5 gxh5 54. Kxh5 Kf6 55. Kh6 Kf7 56. Kh7 Kf6 57. Kh6 Kf7 58. Kg5 Kg7 59. Kf5 Kf7 60. Nd8+ Ke7 61. Nb7 Kf7 62. a5 bxa5 63. Nxa5 Nb6 64. Nb7 Nc8 65. Nd8+ Ke7 66. Nc6+ Kf7 67. Nd8+ Ke7 68. Nb7 Kf7 69. Na5 Nb6 70. Kg5 Kg7 71. Nc6 Nc8 72. Kf5 Kf7 1/2-1/2

[Event "26. Herner Stadtmeisterschaft 2025"]
[Site "?"]
[Date "2025.01.27"]
[Round "1.29"]
[White "Simeonidis, Marios"]
[Black "Funke, Eckhard"]
[Result "0-1"]
[WhiteElo "1298"]
[BlackElo "1920"]
[PlyCount "126"]
[GameId "2139119637762190"]
[EventDate "2025.??.??"]
[WhiteTeam "SV Günnigfeld 1922 e."]
[BlackTeam "SV Günnigfeld 1922 e."]

1. e4 d5 2. exd5 Qxd5 3. Nc3 Qd6 4. Nf3 Nf6 5. h3 c6 6. Bc4 Be6 7. Bb3 Bxb3 8. axb3 e6 9. O-O Be7 10. d3 b5 11. Be3 a6 12. Qd2 O-O 13. Bf4 Qd8 14. Qe3 Nbd7 15. d4 c5 16. dxc5 Bxc5 17. Qe2 Qb6 18. Rad1 Rfd8 19. Bg5 Be7 20. Nd4 h6 21. Be3 Qb7 22. Nf3 Nf8 23. Bd4 Ng6 24. Qe3 Rac8 25. Rd2 b4 26. Na4 Qe4 27. Nb6 Qxe3 28. fxe3 Rc6 29. Nc4 Ne4 30. Rd3 f5 31. c3 bxc3 32. bxc3 Rb8 33. Nfe5 Nxe5 34. Nxe5 Rd6 35. b4 Bf6 36. Nc4 Rd7 37. Ra1 e5 38. Bxe5 Rxd3 39. Bxb8 Rxc3 40. Na5 Rc8 41. Rf1 Rxb8 42. Rxf5 Rxb4 43. Nc6 Rb1+ 44. Kh2 Rc1 45. Nb4 Rc5 46. Nd5 Kf7 47. g4 Rc2+ 48. Kg1 Rd2 49. Nc7 Kg6 50. Nxa6 Ng3 51. Rb5 Bh4 52. Rb6+ Kh7 53. Re6 Bg5 54. Nc5 Ne2+ 55. Kf1 Bh4 56. Ne4 Ng3+ 57. Nxg3 Bxg3 58. Re8 Bh4 59. e4 Rh2 60. e5 Rxh3 61. Rf8 Rg3 62. Rf4 Re3 63. Rf5 Re4 0-1

[Event "26. Herner Stadtmeisterschaft 2025"]
[Site "?"]
[Date "2025.01.27"]
[Round "1.30"]
[White "Dlouhy, Peter"]
[Black "Breimann, Tobias"]
[Result "1-0"]
[WhiteElo "1754"]
[BlackElo "1693"]
[PlyCount "63"]
[GameId "2139142615757351"]
[EventDate "2025.??.??"]
[WhiteTeam "SV Unser Fritz Wanne-E"]
[BlackTeam "SV Waltrop 1922 e. V."]

1. d4 d5 2. Bf4 Bf5 3. e3 e6 4. Nf3 Nf6 5. c4 Bd6 6. Ne5 Nbd7 7. Nc3 O-O 8. Rc1 c5 9. Nxf7 Rxf7 10. Bxd6 Qb6 11. dxc5 Nxc5 12. Bxc5 Qxc5 13. cxd5 exd5 14. Be2 Be6 15. O-O Rd7 16. Nb5 Qb6 17. Nd4 Bf7 18. Qb3 Qd6 19. h3 Ne4 20. Rfd1 Qf6 21. Bf3 Ng5 22. Qc3 Qg6 23. Bg4 Rdd8 24. Qd3 Qf6 25. Rc7 h5 26. Bf3 Nxf3+ 27. Nxf3 Qxb2 28. Rb1 Qxa2 29. Rbxb7 Qa1+ 30. Kh2 Qf6 31. Qd4 Qg6 32. Ne5 1-0

[Event "26. Herner Stadtmeisterschaft 2025"]
[Site "?"]
[Date "2025.01.27"]
[Round "1.31"]
[White "Bunzel, Robert"]
[Black "Engelmann, Chris"]
[Result "1/2-1/2"]
[WhiteElo "1555"]
[BlackElo "1840"]
[PlyCount "29"]
[GameId "2139143367516722"]
[EventDate "2025.??.??"]
[WhiteTeam "SV Wattenscheid 1930 e"]
[BlackTeam "SV Unser Fritz Wanne-E"]

1. c4 Nf6 2. g3 e6 3. Nc3 Be7 4. Bg2 d5 5. cxd5 exd5 6. d4 O-O 7. e4 Nxe4 8. Nxe4 dxe4 9. Bxe4 Bb4+ 10. Kf1 Re8 11. Qd3 Kh8 12. Be3 Nd7 13. Rd1 Nf6 14. Bf3 Bd6 15. Re1 1/2-1/2

[Event "26. Herner Stadtmeisterschaft 2025"]
[Site "?"]
[Date "2025.01.27"]
[Round "1.32"]
[White "Müller-Kreth, Kai"]
[Black "Gutkin, Boris"]
[Result "1-0"]
[WhiteElo "1746"]
[BlackElo "1211"]
[PlyCount "111"]
[GameId "2139156526957231"]
[EventDate "2025.??.??"]
[WhiteTeam "SK Sodingen/Castrop 24/23 e. V."]
[BlackTeam "SK Sodingen/Castrop 24/23 e. V."]

1. c4 d6 2. d4 Nf6 3. Nc3 g6 4. e4 Bg7 5. Nf3 O-O 6. h3 e5 7. d5 a5 8. Bg5 h6 9. Bh4 g5 10. Bg3 Na6 11. Bd3 Nc5 12. Bc2 b6 13. Qe2 Nh5 14. Bh2 Nf4 15. Bxf4 exf4 16. O-O-O Bxc3 17. bxc3 Qf6 18. Nd4 Re8 19. f3 Bd7 20. h4 Kg7 21. Rh2 Rh8 22. Re1 Rae8 23. Qf2 Rb8 24. g3 Qe5 25. Rg1 f6 26. Ne2 fxg3 27. Rxg3 Kf7 28. Rhg2 Rbg8 29. hxg5 hxg5 30. Rh2 b5 31. cxb5 Bxb5 32. Nd4 Ba4 33. Rgh3 Rxh3 34. Rxh3 Bd7 35. Rh2 Qf4+ 36. Qd2 Qxd2+ 37. Kxd2 g4 38. Rg2 gxf3 39. Rxg8 Kxg8 40. Nxf3 Kg7 41. Nd4 Kg6 42. e5+ Kg7 43. e6 Be8 44. Ke3 Na6 45. Bd3 Nc5 46. Bb5 Kf8 47. Bxe8 Kxe8 48. Nb5 Na6 49. Kf4 Ke7 50. Nd4 Nb8 51. Kf5 a4 52. a3 c5 53. dxc6 Nxc6 54. Nxc6+ Ke8 55. Kxf6 d5 56. e7 1-0

[Event "26. Herner Stadtmeisterschaft 2025"]
[Site "?"]
[Date "2025.01.27"]
[Round "1.33"]
[White "Mohammad, Othman"]
[Black "Schatte, Michael"]
[Result "0-1"]
[WhiteElo "1206"]
[BlackElo "1743"]
[PlyCount "142"]
[GameId "2139143939224129"]
[EventDate "2025.??.??"]
[WhiteTeam "SG Wanne"]
[BlackTeam "SK Sodingen/Castrop 24/23 e. V."]

1. e4 d5 2. Qf3 dxe4 3. Qxe4 Nf6 4. Qd3 Qxd3 5. Bxd3 Nc6 6. Nf3 Bg4 7. Be2 O-O-O 8. Ng5 Bxe2 9. Nxf7 Bc4 10. Nxh8 g6 11. d3 Be6 12. O-O Bg7 13. Re1 Bg8 14. Nxg6 hxg6 15. Bg5 Nh7 16. Bc1 e5 17. Nc3 Nd4 18. Rd1 Nxc2 19. Rb1 Nb4 20. Nb5 a6 21. a3 Nxd3 22. Nc3 Bb3 23. Rd2 Nf6 24. f3 c5 25. Re2 Nxc1 26. Rxc1 Re8 27. Rce1 Nd7 28. Ne4 Kc7 29. Rc1 b6 30. Nd2 Bg8 31. b4 Kb7 32. Ne4 Kc6 33. a4 Ra8 34. Rb2 Bh6 35. b5+ Kc7 36. Rcb1 Be3+ 37. Kh1 Bd4 38. Rd2 axb5 39. axb5 Ra5 40. Ng5 Be3 41. Rxd7+ Kxd7 42. Ne4 Bd4 43. Nf6+ Ke6 44. Nxg8 Be3 45. g3 Kf7 46. f4 Kxg8 47. fxe5 Bd4 48. e6 Ra1 49. Rxa1 Bxa1 50. Kg2 Kf8 51. Kf3 Ke7 52. Ke4 Kxe6 53. h4 Be5 54. g4 Bf6 55. g5 Be5 56. Kf3 Kf5 57. Ke3 Bf4+ 58. Kf3 Bxg5 59. hxg5 Ke5 60. Ke3 Kd5 61. Kd3 c4+ 62. Ke3 Ke5 63. Kf3 Kd4 64. Ke2 Kc5 65. Ke3 Kxb5 66. Ke4 c3 67. Ke5 c2 68. Kf6 c1=Q 69. Kxg6 Kc5 70. Kh5 Qc4 71. g6 Qg8 0-1

[Event "26. Herner Stadtmeisterschaft 2025"]
[Site "?"]
[Date "2025.01.27"]
[Round "1.34"]
[White "Schicktanz, Florian"]
[Black "Deppe, Stefan"]
[Result "1-0"]
[WhiteElo "1777"]
[BlackElo "1170"]
[PlyCount "77"]
[GameId "2139135678300545"]
[EventDate "2025.??.??"]
[WhiteTeam "SV Erkenschwick 1923 e"]
[BlackTeam "vereinslos"]

1. c4 e5 2. g3 g6 3. Bg2 Bg7 4. Nc3 Nf6 5. d3 Nc6 6. Bg5 h6 7. Bd2 d6 8. Nf3 Bd7 9. a3 Rb8 10. b4 a6 11. b5 axb5 12. Nxb5 Ne7 13. O-O O-O 14. Qc1 Kh7 15. a4 Bxb5 16. axb5 Ra8 17. Ne1 Rxa1 18. Qxa1 b6 19. Bc3 Rg8 20. Nc2 Nd7 21. d4 exd4 22. Bxd4 Nf5 23. Bxg7 Nxg7 24. Nb4 Re8 25. e3 Nb8 26. Nd5 Nd7 27. Qa7 Ne6 28. Bh3 f5 29. Bg2 Rf8 30. Nb4 Qb8 31. Qxb8 Nxb8 32. Ra1 Rf7 33. Bd5 Re7 34. Na6 c6 35. Bxe6 Nxa6 36. bxa6 Ra7 37. Bc8 Kg7 38. Bb7 c5 39. Rd1 1-0

[Event "26. Herner Stadtmeisterschaft 2025"]
[Site "?"]
[Date "2025.01.27"]
[Round "1.35"]
[White "Preuß, Thorsten"]
[Black "Klein, Andreas"]
[Result "0-1"]
[WhiteElo "1164"]
[BlackElo "1826"]
[PlyCount "72"]
[GameId "2139129790447916"]
[EventDate "2025.??.??"]
[WhiteTeam "Bochumer SV 02"]
[BlackTeam "SC Buer-Hassel 1919 e. V."]

1. e4 c5 2. Nf3 e6 3. c3 Nc6 4. d3 Qc7 5. Be3 Nf6 6. Be2 b6 7. Na3 a6 8. O-O Bb7 9. Qd2 Be7 10. Rfd1 h6 11. Bf4 d6 12. Nc4 b5 13. Ne3 g5 14. Bg3 g4 15. Ne1 h5 16. f3 h4 17. Bf2 gxf3 18. Nxf3 h3 19. g3 O-O-O 20. d4 Nxe4 21. Qc2 Nxf2 22. Kxf2 c4 23. d5 Nb8 24. Rg1 Qc5 25. dxe6 fxe6 26. Qg6 Bd5 27. Nd4 Rdf8+ 28. Ke1 Bf6 29. Nxd5 Qxd5 30. Bf3 Qe5+ 31. Kf2 Qc5 32. Ke3 e5 33. Qf5+ Nd7 34. Rad1 exd4+ 35. cxd4 Qxf5 36. Rgf1 Qe6+ 0-1

[Event "26. Herner Stadtmeisterschaft 2025"]
[Site "?"]
[Date "2025.01.27"]
[Round "1.36"]
[White "Rath, Michael"]
[Black "Werner, Lennert"]
[Result "1-0"]
[WhiteElo "1899"]
[BlackElo "1059"]
[PlyCount "45"]
[GameId "2139134273655145"]
[EventDate "2025.??.??"]
[WhiteTeam "SV Königsspringer Halt"]
[BlackTeam "SK Sodingen/Castrop 24/23 e. V."]

1. d4 Nf6 2. Nf3 d5 3. Bf4 e6 4. e3 c5 5. c4 Nc6 6. Nc3 Bd6 7. Bg3 O-O 8. Be2 b6 9. O-O Bxg3 10. hxg3 Bd7 11. cxd5 exd5 12. dxc5 Be6 13. cxb6 Qxb6 14. Na4 Qb4 15. Rc1 Rac8 16. a3 Qd6 17. b4 Ne7 18. Qd4 a5 19. bxa5 Qxa3 20. Ra1 Qd6 21. a6 Nc6 22. Qc5 Qc7 23. Rfc1 1-0

[Event "26. Herner Stadtmeisterschaft 2025"]
[Site "?"]
[Date "2025.01.27"]
[Round "1.37"]
[White "Malessa, Uwe"]
[Black "Baumeister, Sven"]
[Result "0-1"]
[WhiteElo "1465"]
[BlackElo "1737"]
[PlyCount "98"]
[GameId "2139147995050600"]
[EventDate "2025.??.??"]
[WhiteTeam "SV Erkenschwick 1923 e"]
[BlackTeam "SV Datteln 1924"]

1. d4 Nf6 2. Nf3 d5 3. c4 c6 4. Nc3 Bf5 5. e3 e6 6. Bd3 Bg6 7. O-O Bd6 8. c5 Bc7 9. Re1 O-O 10. b4 b6 11. Bb2 Nbd7 12. Rc1 bxc5 13. bxc5 e5 14. e4 exd4 15. Nxd4 Nxc5 16. Nxc6 Qd6 17. e5 Qxc6 18. Bxg6 hxg6 19. exf6 Rfd8 20. fxg7 Qd6 21. g3 Ne6 22. Nb5 Qb6 23. Nxc7 Nxc7 24. Bd4 Qa5 25. a4 Ne6 26. Bf6 Rd7 27. Bc3 Qd8 28. h4 d4 29. Ba1 Nxg7 30. Qd3 Qb6 31. Rc4 Rad8 32. Kg2 Qb7+ 33. f3 Qd5 34. Kh3 Ne6 35. Rec1 Qe5 36. Rc8 Qe3 37. Rxd8+ Rxd8 38. Rd1 Qxd3 39. Rxd3 f5 40. a5 Rd5 41. a6 Ra5 42. Bxd4 Rd5 43. Re3 Nxd4 44. g4 Kf7 45. Rc3 Rd7 46. Rc8 Ne6 47. Rh8 Nc5 48. Rh7+ Kg8 49. Rh6 Kg7 0-1

[Event "26. Herner Stadtmeisterschaft 2025"]
[Site "?"]
[Date "2025.02.03"]
[Round "2.1"]
[White "Koscielski, Janusz"]
[Black "Schmidt, Ralph"]
[Result "1-0"]
[WhiteElo "2266"]
[BlackElo "1932"]
[PlyCount "62"]
[GameId "2141657931152003"]
[EventDate "2025.??.??"]
[WhiteTeam "SV Wattenscheid 1930 e"]
[BlackTeam "SV Bochum-Linden-Dahlh"]

1. e4 e5 2. Nf3 Nc6 3. Nc3 Bb4 4. Nd5 Ba5 5. Bc4 d6 6. c3 Nf6 7. a4 Bb6 8. d3 Na5 9. Ba2 c5 10. Bg5 Be6 11. Bxf6 gxf6 12. Nd2 Nc6 13. Qf3 Bxd5 14. Bxd5 Qe7 15. Nc4 Nd8 16. a5 Bc7 17. a6 Bb6 18. axb7 Rb8 19. Qg4 Ne6 20. g3 Kd8 21. h4 Kc7 22. Qd1 Nd8 23. Qb3 Nc6 24. Ra6 Rxb7 25. Bxc6 Kxc6 26. Na5+ Kc7 27. Nxb7 Kxb7 28. Ra4 Qd7 29. Kd2 f5 30. Rha1 Kc8 31. Qd5 Kb8 1-0

[Event "26. Herner Stadtmeisterschaft 2025"]
[Site "?"]
[Date "2025.02.03"]
[Round "2.2"]
[White "Schelwokat, Peter"]
[Black "Lang, Daniel"]
[Result "0-1"]
[WhiteElo "1942"]
[BlackElo "2135"]
[PlyCount "68"]
[GameId "2141677697452875"]
[EventDate "2025.??.??"]
[WhiteTeam "SpVigung Sterkrade-Nord"]
[BlackTeam "SV Wattenscheid 1930 e"]

1. e4 c5 2. Nf3 e6 3. d4 cxd4 4. Nxd4 Nc6 5. Nc3 a6 6. Be2 Qc7 7. Be3 Nf6 8. O-O Be7 9. f4 d6 10. Nb3 b5 11. a3 O-O 12. Bf3 Bb7 13. Qe2 Rac8 14. Qf2 Nd7 15. g3 Na5 16. Nxa5 Qxa5 17. Rfd1 Rc4 18. Be2 Rc6 19. Bd4 Qc7 20. Rd2 Nb6 21. Bxb6 Rxb6 22. Bf3 Rc6 23. Rad1 Rc8 24. Kg2 h6 25. h3 Rc4 26. Kh2 b4 27. axb4 Rxb4 28. Rb1 Bf6 29. e5 dxe5 30. Bxb7 exf4 31. Bxc8 fxg3+ 32. Qxg3 Be5 33. Qxe5 Qxe5+ 34. Kg2 Qg5+ 0-1

[Event "26. Herner Stadtmeisterschaft 2025"]
[Site "?"]
[Date "2025.02.03"]
[Round "2.3"]
[White "Quast, Marcel"]
[Black "Dimitriadis, Elias"]
[Result "1/2-1/2"]
[WhiteElo "2137"]
[BlackElo "1736"]
[PlyCount "73"]
[GameId "2141671201680145"]
[EventDate "2025.??.??"]
[WhiteTeam "SC Gerthe 46 - Werne"]
[BlackTeam "SV Waltrop 1922 e. V."]

1. e4 c6 2. Nc3 d5 3. Nf3 dxe4 4. Nxe4 Nf6 5. Qe2 Nxe4 6. Qxe4 Qd5 7. Qe3 Qe6 8. d4 g6 9. Ne5 b5 10. Be2 Bg7 11. a4 Ba6 12. axb5 Bxb5 13. c4 Ba6 14. f4 O-O 15. b3 Bb7 16. Bd2 Nd7 17. Bg4 f5 18. Bf3 Nxe5 19. dxe5 Rfd8 20. Rxa7 Qd7 21. Rxa8 Rxa8 22. O-O Ra2 23. Rd1 Qc7 24. Qc5 g5 25. g3 e6 26. Be3 Bf8 27. Qb6 Qf7 28. Kh1 Ra6 29. Qd8 c5 30. Qxg5+ Kh8 31. Bxb7 Qxb7+ 32. Kg1 Be7 33. Rd8+ Bxd8 34. Qxd8+ Kg7 35. Qf6+ Kg8 36. Qd8+ Kg7 37. Qf6+ 1/2-1/2

[Event "26. Herner Stadtmeisterschaft 2025"]
[Site "?"]
[Date "2025.02.03"]
[Round "2.4"]
[White "Boxberg, Olaf"]
[Black "Werrn, Pascal"]
[Result "0-1"]
[WhiteElo "1834"]
[BlackElo "2169"]
[PlyCount "80"]
[GameId "2141671996627743"]
[EventDate "2025.??.??"]
[WhiteTeam "SV Datteln 1924"]
[BlackTeam "SK Sodingen/Castrop 24/23 e. V."]

1. e4 c5 2. Nf3 Nc6 3. d3 e5 4. g3 g6 5. Bg2 Bg7 6. O-O Nge7 7. c3 O-O 8. a3 d6 9. h3 h6 10. b4 a6 11. Ra2 Be6 12. Rd2 Qd7 13. Kh2 f5 14. Bb2 Rad8 15. Re1 b6 16. exf5 gxf5 17. d4 e4 18. d5 Nxd5 19. Rxd5 exf3 20. Bxf3 Ne5 21. Rd2 Nxf3+ 22. Qxf3 d5 23. Qe2 Rde8 24. f4 Bf7 25. Qd1 Rxe1 26. Qxe1 Re8 27. Re2 Rxe2+ 28. Qxe2 Qa4 29. Qd3 Qb3 30. Bc1 d4 31. bxc5 bxc5 32. Nd2 Qd1 33. Qf1 Qc2 34. cxd4 c4 35. Qg1 c3 36. Qe1 cxd2 37. Qxd2 Qc4 38. Bb2 Bd5 39. Kg1 Qb3 40. Qf2 Qd1+ 0-1

[Event "26. Herner Stadtmeisterschaft 2025"]
[Site "?"]
[Date "2025.02.03"]
[Round "2.5"]
[White "Graw, Christopher"]
[Black "Kleinert, Andreas"]
[Result "0-1"]
[WhiteElo "2227"]
[BlackElo "1844"]
[PlyCount "72"]
[GameId "2141663677938374"]
[EventDate "2025.??.??"]
[WhiteTeam "SK Sodingen/Castrop 24/23 e. V."]
[BlackTeam "SC Buer-Hassel 1919 e. V."]

1. b3 d6 2. Bb2 e5 3. e3 Be7 4. d4 Nd7 5. dxe5 dxe5 6. Nf3 Bd6 7. Nbd2 Ngf6 8. Nc4 Qe7 9. Nxd6+ cxd6 10. c4 O-O 11. Be2 Rd8 12. O-O b6 13. b4 Bb7 14. Qb3 Rac8 15. Rfd1 Ne8 16. a4 g5 17. a5 g4 18. Ne1 Qe6 19. axb6 axb6 20. Ra7 Rc7 21. Ra3 Rdc8 22. Rd2 Nef6 23. f3 gxf3 24. Nxf3 Ne4 25. Rd1 Kh8 26. Ra7 Rg8 27. Qd3 Qg4 28. Ne1 Qh4 29. Rxb7 Rxb7 30. Bf3 Ndf6 31. g3 Nxg3 32. hxg3 Qxg3+ 33. Bg2 Ng4 34. Qf5 Qxe3+ 35. Kh1 Nf2+ 36. Kh2 Qh6+ 0-1

[Event "26. Herner Stadtmeisterschaft 2025"]
[Site "?"]
[Date "2025.02.03"]
[Round "2.6"]
[White "Bautz, Volker"]
[Black "Hahn, Matthias"]
[Result "1/2-1/2"]
[WhiteElo "1833"]
[BlackElo "2105"]
[PlyCount "49"]
[GameId "2141646350047220"]
[EventDate "2025.??.??"]
[WhiteTeam "Bochumer SV 02"]
[BlackTeam "SV Bochum-Linden-Dahlh"]

1. e4 e5 2. Nf3 Nc6 3. Nc3 Nf6 4. d4 exd4 5. Nd5 Be7 6. Nxd4 Nxd5 7. exd5 Nxd4 8. Qxd4 O-O 9. Be2 Bf6 10. Qd3 d6 11. O-O Re8 12. c3 Bf5 13. Qxf5 Rxe2 14. Qg4 Re5 15. Qf3 Qd7 16. Bf4 Re7 17. Rfe1 Rae8 18. Re3 Rxe3 19. fxe3 Qb5 20. b3 Bxc3 21. Rc1 Ba5 22. h3 Qd3 23. Kh2 Qe4 24. Qxe4 Rxe4 25. Bxd6 1/2-1/2

[Event "26. Herner Stadtmeisterschaft 2025"]
[Site "?"]
[Date "2025.02.03"]
[Round "2.7"]
[White "Waldschmidt, Georg"]
[Black "Dlouhy, Peter"]
[Result "1-0"]
[WhiteElo "2125"]
[BlackElo "1754"]
[PlyCount "59"]
[GameId "2141656074000994"]
[EventDate "2025.??.??"]
[WhiteTeam "SK Sodingen/Castrop 24/23 e. V."]
[BlackTeam "SV Unser Fritz Wanne-E"]

1. e4 b6 2. d4 Bb7 3. Bd3 e6 4. Nf3 Nf6 5. Qe2 d5 6. e5 Ne4 7. Nbd2 Nxd2 8. Bxd2 c5 9. c3 Nc6 10. a3 c4 11. Bc2 b5 12. Ng5 Be7 13. h4 g6 14. Qf3 Bxg5 15. Bxg5 Qc7 16. h5 Rf8 17. Qf6 Qe7 18. Qf4 Qc7 19. Rh3 f5 20. exf6 Qxf4 21. Bxf4 Rxf6 22. Bg5 Rf5 23. Bxf5 gxf5 24. Bf4 Kf7 25. Rg3 Kf6 26. Kf1 Re8 27. Re1 Bc8 28. h6 Rf8 29. Rg7 Rf7 30. Bg5# 1-0

[Event "26. Herner Stadtmeisterschaft 2025"]
[Site "?"]
[Date "2025.02.03"]
[Round "2.8"]
[White "Boost, Jürgen"]
[Black "Winterberg, Andreas"]
[Result "0-1"]
[WhiteElo "1969"]
[BlackElo "2049"]
[PlyCount "66"]
[GameId "2141654201899206"]
[EventDate "2025.??.??"]
[WhiteTeam "SC Gerthe 46 - Werne"]
[BlackTeam "SV Waltrop 1922 e. V."]

1. e4 e5 2. Nf3 Nc6 3. Bb5 a6 4. Bxc6 dxc6 5. O-O Qf6 6. d3 Ne7 7. Nbd2 Ng6 8. Re1 Be7 9. Nc4 Bg4 10. h3 Bxf3 11. Qxf3 Qxf3 12. gxf3 O-O 13. Be3 f5 14. exf5 Rxf5 15. Nd2 Nh4 16. Kh2 Bd6 17. Kg3 Ng6 18. h4 Raf8 19. Kg4 h5+ 20. Kh3 Be7 21. Bg5 Bxg5 22. hxg5 Rxg5 23. Rg1 Rxg1 24. Rxg1 Kh7 25. Re1 Rf5 26. Re3 Nf4+ 27. Kh2 h4 28. Nc4 Rg5 29. Rxe5 Rg2+ 30. Kh1 Rxf2 31. Re4 Rxf3 32. Ne5 Rf1+ 33. Kh2 g5 0-1

[Event "26. Herner Stadtmeisterschaft 2025"]
[Site "?"]
[Date "2025.02.03"]
[Round "2.9"]
[White "Mainusch, Martin"]
[Black "Müller-Kreth, Kai"]
[Result "1-0"]
[WhiteElo "2094"]
[BlackElo "1746"]
[PlyCount "93"]
[GameId "2141687447190446"]
[EventDate "2025.??.??"]
[WhiteTeam "SV Mülheim-Nord 1931 e"]
[BlackTeam "SK Sodingen/Castrop 24/23 e. V."]

1. d4 Nf6 2. Nf3 e6 3. e3 c5 4. c4 d5 5. a3 a5 6. cxd5 exd5 7. Nc3 Nc6 8. Be2 Be7 9. dxc5 Bxc5 10. O-O O-O 11. Nb5 Re8 12. b3 Be6 13. Bb2 Be7 14. Rc1 Rc8 15. Nfd4 Nxd4 16. Qxd4 b6 17. Rxc8 Bxc8 18. Rd1 Bc5 19. Qd3 Be6 20. Bf3 Qe7 21. a4 Ne4 22. Nc3 Nf6 23. h3 Rd8 24. Ne2 Rd7 25. Nf4 h6 26. Ne2 Ne4 27. Nd4 Ng5 28. Be2 Ne4 29. Bf3 Ng5 30. Qe2 Nxf3+ 31. Qxf3 Qg5 32. Ne2 f6 33. Bd4 Bf7 34. Nf4 Qf5 35. Rc1 Bxd4 36. exd4 g5 37. Nd3 Qxf3 38. gxf3 Bg6 39. Nb2 Re7 40. Kg2 Re2 41. Rc8+ Kf7 42. Rc7+ Ke8 43. Nd1 Rd2 44. Ne3 Rxd4 45. Rc6 Ke7 46. Rxb6 Bf7 47. Nf5+ 1-0

[Event "26. Herner Stadtmeisterschaft 2025"]
[Site "?"]
[Date "2025.02.03"]
[Round "2.10"]
[White "Funke, Eckhard"]
[Black "Kandyba, Andriy"]
[Result "1/2-1/2"]
[WhiteElo "1920"]
[BlackElo "2024"]
[PlyCount "115"]
[GameId "2141667483708148"]
[EventDate "2025.??.??"]
[WhiteTeam "SV Günnigfeld 1922 e."]
[BlackTeam "SV Bochum-Linden-Dahlh"]

1. d4 Nf6 2. c4 c5 3. dxc5 Nc6 4. Nf3 e6 5. Nc3 Bxc5 6. e3 O-O 7. Be2 a6 8. O-O Qc7 9. Qc2 d5 10. cxd5 Nb4 11. Qb1 Nbxd5 12. Ne4 Be7 13. Ng3 Bd7 14. Bd2 Rac8 15. Rc1 Qb8 16. Rxc8 Rxc8 17. Qd1 Bd6 18. Rc1 Rxc1 19. Qxc1 Qc8 20. Qxc8+ Bxc8 21. Bd3 Nd7 22. Ne4 Be7 23. Nc3 Nb4 24. Bb1 Nb6 25. a3 Nc6 26. Bd3 f6 27. Nd4 Nxd4 28. exd4 g6 29. Ne4 Nd5 30. Bc4 Kf7 31. Bxd5 exd5 32. Nc5 b6 33. Na4 Bd8 34. f4 Bc7 35. Kf2 Bf5 36. g3 Bd8 37. b4 Ke6 38. Ke3 Kd6 39. Nc3 Kc6 40. a4 Kd6 41. a5 bxa5 42. bxa5 Bxa5 43. Nb5+ Kc6 44. Bxa5 Kxb5 45. Bd8 a5 46. Kd2 Kb4 47. Kc1 a4 48. Kb2 Kc4 49. Bxf6 Kd3 50. h4 Ke4 51. h5 gxh5 52. Ka3 Bd7 53. Kb4 h4 54. gxh4 Kxf4 55. Ka3 h6 56. Bg7 Ke4 57. Bf6 Kf5 58. Be5 1/2-1/2

[Event "26. Herner Stadtmeisterschaft 2025"]
[Site "?"]
[Date "2025.02.03"]
[Round "2.11"]
[White "Schatte, Michael"]
[Black "Henn, Marcus"]
[Result "0-1"]
[WhiteElo "1743"]
[BlackElo "1995"]
[PlyCount "45"]
[GameId "2141647139522562"]
[EventDate "2025.??.??"]
[WhiteTeam "SK Sodingen/Castrop 24/23 e. V."]
[BlackTeam "SV Erkenschwick 1923 e"]

1. g4 d5 2. Bg2 Bxg4 3. c4 c6 4. Qb3 e6 5. cxd5 exd5 6. Qxb7 Nd7 7. d4 Ngf6 8. Nc3 Rb8 9. Qxc6 Bb4 10. Qa4 O-O 11. Bf4 Bxc3+ 12. bxc3 Rb2 13. Bc1 Nb6 14. Qd1 Rb5 15. a4 Ra5 16. Ba3 Re8 17. Bb4 Ra6 18. Nf3 Nc4 19. O-O Ne4 20. Ne5 Nxe5 21. dxe5 Rg6 22. Kh1 Qh4 23. Qd3 0-1

[Event "26. Herner Stadtmeisterschaft 2025"]
[Site "?"]
[Date "2025.02.03"]
[Round "2.12"]
[White "Wolff, Christoph"]
[Black "Schicktanz, Florian"]
[Result "1-0"]
[WhiteElo "1986"]
[BlackElo "1777"]
[PlyCount "107"]
[GameId "2141684106742674"]
[EventDate "2025.??.??"]
[WhiteTeam "SV Horst-Emscher 1931"]
[BlackTeam "SV Erkenschwick 1923 e"]

1. e4 c5 2. Nf3 Nc6 3. Nc3 g6 4. d4 cxd4 5. Nxd4 Bg7 6. Be3 d6 7. Be2 Nf6 8. O-O O-O 9. h3 Bd7 10. Qd2 Rc8 11. f4 Nxd4 12. Bxd4 Qa5 13. Rad1 Kh8 14. Bf3 Bc6 15. Qf2 b6 16. Rfe1 e5 17. Be3 Rfd8 18. Qh4 exf4 19. Bxf4 Qc5+ 20. Be3 Qe5 21. Bd4 Qe6 22. Nd5 Bxd5 23. exd5 Qf5 24. c3 g5 25. Qg3 Qf4 26. Qxf4 gxf4 27. Re7 Kg8 28. Rxa7 Ra8 29. Bxb6 Rxa7 30. Bxd8 Rxa2 31. Rb1 Nd7 32. Bc7 Be5 33. c4 Kf8 34. Be4 Ke7 35. b4 h6 36. Rd1 Re2 37. Bf5 Nf6 38. Kf1 Rb2 39. c5 Rxb4 40. cxd6+ Kf8 41. Re1 Bc3 42. d7 Nxd7 43. Bd6+ Kg7 44. Bxb4 Bxb4 45. Rb1 Nf6 46. Rxb4 Nxd5 47. Rb5 Ne3+ 48. Ke2 Nxg2 49. Kf3 Nh4+ 50. Kxf4 Ng2+ 51. Kg3 Ne3 52. Bd3 Nd1 53. Rb7 Ne3 54. Kf3 1-0

[Event "26. Herner Stadtmeisterschaft 2025"]
[Site "?"]
[Date "2025.02.03"]
[Round "2.13"]
[White "Klein, Andreas"]
[Black "Wiechen, Ulrich"]
[Result "1-0"]
[WhiteElo "1826"]
[BlackElo "2156"]
[PlyCount "53"]
[GameId "2141655138466008"]
[EventDate "2025.??.??"]
[WhiteTeam "SC Buer-Hassel 1919 e. V."]
[BlackTeam "SC Buer-Hassel 1919 e. V."]

1. e4 e6 2. d4 d5 3. Nd2 c5 4. exd5 exd5 5. Bb5+ Nc6 6. Qe2+ Be7 7. dxc5 Nf6 8. Ngf3 O-O 9. O-O Re8 10. Nb3 Bxc5 11. Qd1 Bb6 12. Bg5 Bg4 13. h3 Bh5 14. Be2 Qd6 15. Bxf6 Qxf6 16. c3 Rad8 17. Qd2 Re4 18. Rae1 Ne5 19. Nxe5 Qxe5 20. Bxh5 Qxh5 21. Rxe4 dxe4 22. Nd4 Qd5 23. Re1 Bxd4 24. cxd4 Qxd4 25. Qc2 f5 26. Qb3+ Qd5 27. Rd1 1-0

[Event "26. Herner Stadtmeisterschaft 2025"]
[Site "?"]
[Date "2025.02.03"]
[Round "2.14"]
[White "Cobanoglu, Ferhat"]
[Black "Rath, Michael"]
[Result "1-0"]
[WhiteElo "1888"]
[BlackElo "1899"]
[PlyCount "81"]
[GameId "2141679929494376"]
[EventDate "2025.??.??"]
[WhiteTeam "SK Sodingen/Castrop 24/23 e. V."]
[BlackTeam "SV Königsspringer Halt"]

1. e3 d5 2. c4 c5 3. Nf3 Nf6 4. g3 Nc6 5. Bg2 Bg4 6. Qa4 Qa5 7. Qxa5 Nxa5 8. Ne5 Be6 9. d3 O-O-O 10. b3 h5 11. Bd2 Nc6 12. Nxc6 bxc6 13. Nc3 h4 14. Na4 h3 15. Bf3 Nd7 16. Ba5 Re8 17. Rc1 dxc4 18. Bxc6 cxb3 19. Nxc5 b2 20. Bxd7+ Bxd7 21. Rb1 Bc6 22. O-O e6 23. Rxb2 Bxc5 24. Rc1 Rh5 25. d4 Bxd4 26. Rxc6+ Kd7 27. Rc7+ Kd6 28. exd4 Rxa5 29. Rxf7 g5 30. f4 Rc8 31. fxg5 Rc1+ 32. Kf2 Ra3 33. Ke2 Rxg3 34. hxg3 h2 35. Rh7 h1=Q 36. Rxh1 Rxh1 37. Kf3 Kd5 38. Re2 a5 39. Re5+ Kxd4 40. Rxe6 Kd5 41. Ra6 1-0